[Event "4th Mediterranean Open"]
[Site "Rijeka CRO"]
[Date "2010.11.13"]
[Round "1"]
[White "Medancic, Rikard"]
[Black "Jovanic, Ognjen"]
[Result "0-1"]
[WhiteTitle "IM"]
[BlackTitle "GM"]
[WhiteElo "2284"]
[BlackElo "2532"]
[WhiteFideId "14500531"]
[BlackFideId "14504081"]
[EventDate "2010.11.13"]

1. d4 d5 2. Nf3 Nf6 3. Bg5 Ne4 4. Bf4 c5 5. e3 Nc6 6. c3 Qb6 7. Qb3 c4 8. Qxb6
axb6 9. Nbd2 Nxd2 10. Nxd2 b5 11. e4 e6 12. Be2 b4 13. O-O Be7 14. Bf3 Ra5 15.
Bc7 Rb5 16. a4 bxa3 17. bxa3 Kd7 18. Bf4 Bd6 19. Be3 Ne7 20. a4 Ra5 21. Rfb1 f6
22. Bd1 Kc7 23. f4 Ng6 24. g3 f5 25. exf5 exf5 26. Nf3 Bd7 27. Ne5 Rb8 28. h4
Be8 29. Nxg6 hxg6 30. Bf3 Bc6 31. Bc1 Rba8 32. Ba3 Rxa4 33. Bxd6+ Kxd6 34. Rxa4
Rxa4 35. Re1 b5 36. Kf2 b4 37. cxb4 Rxb4 38. Re3 Ba4 39. Re5 Rb5 40. Be2 Rb2 41.
Ke3 Rb3+ 42. Kf2 c3 43. Bf3 Rb5 44. Ke3 c2 45. Kd2 Rb1 0-1

[Event "4th Mediterranean Open"]
[Site "Rijeka CRO"]
[Date "2010.11.13"]
[Round "1"]
[White "Loncar, Robert"]
[Black "Predojevic, Borki"]
[Result "0-1"]
[WhiteTitle "IM"]
[BlackTitle "GM"]
[WhiteElo "2404"]
[BlackElo "2632"]
[WhiteFideId "14501325"]
[BlackFideId "930849"]
[EventDate "2010.11.13"]

1. e4 c5 2. Nc3 a6 3. Nge2 b5 4. d4 Bb7 5. dxc5 e6 6. Be3 Qc7 7. f3 Bxc5 8. Bxc5
Qxc5 9. Qd4 Qxd4 10. Nxd4 Nc6 11. Nb3 d6 12. O-O-O Ke7 13. Ne2 Nf6 14. Ned4 Rac8
15. Nxc6+ Bxc6 16. Kb1 Rhd8 17. Bd3 Nd7 18. Rhe1 Ne5 19. h4 d5 20. exd5 Nxd3 21.
Rxd3 Bxd5 22. Nd4 Kf6 23. Red1 Bc4 24. R3d2 e5 25. Nb3 Rxd2 26. Nxd2 Bd5 27. Nf1
Ke6 28. Ne3 Bb7 29. b3 f5 30. Re1 h5 31. Nd1 f4 32. Nf2 Kf5 33. Ne4 Bxe4 34.
Rxe4 g5 35. hxg5 Rg8 36. c4 Rxg5 37. Re2 bxc4 38. bxc4 h4 39. c5 Ke6 40. Rd2 e4
41. Rd6+ Ke7 42. Rd4 exf3 43. Re4+ Kd7 44. gxf3 h3 45. c6+ Kxc6 46. Kc2 Kd5 47.
Kd3 h2 0-1

[Event "4th Mediterranean Open"]
[Site "Rijeka CRO"]
[Date "2010.11.13"]
[Round "1"]
[White "Stevic, Hrvoje"]
[Black "Bukal, Vladimir Jr."]
[Result "1-0"]
[WhiteTitle "GM"]
[BlackTitle "IM"]
[WhiteElo "2621"]
[BlackElo "2390"]
[WhiteFideId "14502569"]
[BlackFideId "14502941"]
[EventDate "2010.11.13"]

1. e4 g6 2. d4 d6 3. Nc3 a6 4. Be3 Nf6 5. Qd2 b5 6. f3 Nbd7 7. O-O-O Bb7 8. g4
h6 9. h4 Nb6 10. Nh3 e6 11. g5 Nh5 12. Rg1 hxg5 13. Nxg5 b4 14. Nb1 d5 15. Qg2
Qe7 16. Nd2 Bh6 17. Bd3 f6 18. e5 f5 19. Qe2 Nd7 20. Nb3 a5 21. Kb1 c6 22. Qd2
Bf8 23. Rg2 Kd8 24. Nh3 Kc7 25. Rxg6 Qf7 26. Rg2 Ba6 27. Ng5 Qe8 28. Qe2 Bxd3
29. cxd3 a4 30. Nc5 Nxc5 31. dxc5 d4 32. Bc1 Bxc5 33. Qc2 Ra5 34. Qc4 Kd7 35.
Bd2 Qe7 36. f4 Rg8 37. Rc1 Rb5 38. Rgg1 b3 39. a3 Rc8 40. Qxa4 Rb7 41. Nxe6 Qxe6 1-0

[Event "4th Mediterranean Open"]
[Site "Rijeka CRO"]
[Date "2010.11.13"]
[Round "1"]
[White "Kozul, Zdenko"]
[Black "Brumen, Dinko"]
[Result "1-0"]
[WhiteTitle "GM"]
[BlackTitle "IM"]
[WhiteElo "2595"]
[BlackElo "2359"]
[WhiteFideId "14502879"]
[BlackFideId "14501490"]
[EventDate "2010.11.13"]

1. d4 d5 2. c4 e6 3. Nf3 Nf6 4. g3 Be7 5. Bg2 O-O 6. O-O dxc4 7. Qc2 a6 8. a4
Bd7 9. Qxc4 Bc6 10. Bg5 a5 11. Nc3 Ra6 12. e3 Rb6 13. Qe2 Ne4 14. Bxe7 Qxe7 15.
Ne5 Nxc3 16. bxc3 Bxg2 17. Kxg2 Nd7 18. Nc4 Ra6 19. Rab1 Ra7 20. e4 e5 21. Rfd1
exd4 22. cxd4 f5 23. e5 f4 24. f3 c6 25. Qe4 Kh8 26. gxf4 Qe6 27. d5 cxd5 28.
Rxd5 b6 29. Rd6 Qe7 30. Nxb6 Nf6 31. Qd4 Nh5 32. Nd5 Qf7 33. Kh1 Qf5 34. Rg1 Rb7
35. e6 Qh3 36. Qf2 Re8 37. e7 Rd7 38. Rxd7 Qxd7 39. Qc5 Qh3 40. Qe3 Nf6 41. Nxf6
gxf6 42. Qe4 Qh5 43. Rd1 Qh3 44. Qc6 Qh5 45. Qe4 Kg7 1-0

[Event "4th Mediterranean Open"]
[Site "Rijeka CRO"]
[Date "2010.11.13"]
[Round "1"]
[White "Doric, Nenad"]
[Black "Saric, Ivan"]
[Result "0-1"]
[WhiteTitle "IM"]
[BlackTitle "GM"]
[WhiteElo "2320"]
[BlackElo "2574"]
[WhiteFideId "14501694"]
[BlackFideId "14508150"]
[EventDate "2010.11.13"]

1. e4 e5 2. Nf3 Nc6 3. Nc3 Nf6 4. Bb5 Bd6 5. O-O O-O 6. d3 h6 7. Ne2 Ne7 8. Ng3
c6 9. Ba4 Bc7 10. Nh4 d5 11. h3 a5 12. c3 Ng6 13. Nxg6 fxg6 14. Qe2 g5 15. f3
Be6 16. Bb3 a4 17. Bc2 Qd7 18. a3 b5 19. Bd2 d4 20. Rfd1 Bb6 21. Kh1 Rad8 22.
Re1 Kh8 23. Rad1 g4 24. Nf5 Bxf5 25. exf5 Nh5 26. Qxe5 gxf3 27. g4 Bc7 28. Qe6
f2 29. Re4 Ng3+ 30. Kg2 Nxe4 31. Qxd7 Rxd7 32. dxe4 dxc3 33. Bxc3 Rxd1 34. Bxd1
Re8 35. Bf3 Be5 36. Kxf2 g5 37. fxg6 Kg7 38. h4 Bxc3 39. bxc3 c5 0-1

[Event "4th Mediterranean Open"]
[Site "Rijeka CRO"]
[Date "2010.11.13"]
[Round "1"]
[White "Bontempi, Piero"]
[Black "Lenic, Luka"]
[Result "0-1"]
[WhiteTitle "FM"]
[BlackTitle "GM"]
[WhiteElo "2375"]
[BlackElo "2619"]
[WhiteFideId "809250"]
[BlackFideId "14603853"]
[EventDate "2010.11.13"]

1. e4 c6 2. c4 d5 3. exd5 cxd5 4. cxd5 Nf6 5. Nc3 Nxd5 6. Nf3 Nc6 7. Bb5 e6 8.
O-O Be7 9. d4 O-O 10. Re1 Nf6 11. a3 Bd7 12. Bd3 Rc8 13. Bc2 Nb8 14. Ne5 Bc6 15.
Re3 Nbd7 16. Qe2 g6 17. Rg3 Nxe5 18. dxe5 Nd5 19. Ne4 Qc7 20. Bh6 Qxe5 21. Bxf8
Kxf8 22. Nc3 Qxe2 23. Nxe2 Bf6 24. Rb1 h5 25. Bd3 Ke7 26. h3 Be5 27. Rf3 f5 28.
h4 Kf6 29. Rh3 a6 30. Kf1 Ke7 31. Ke1 Bf6 32. f4 e5 33. fxe5 Bxe5 34. Kf2 Nf6
35. Nc3 Ng4+ 36. Kf1 Bd4 37. Nd1 Ne5 38. Nc3 Ng4 39. Rg3 Kf6 40. Re1 Bf2 41.
Rxg4 Bxe1 42. Rc4 Bg3 43. Nd5+ Kf7 44. Nf4 Rd8 45. Be2 Kf6 46. a4 Be4 47. Nh3
Bxh4 48. Rc7 Bg3 49. Rh7 Rc8 0-1

[Event "4th Mediterranean Open"]
[Site "Rijeka CRO"]
[Date "2010.11.13"]
[Round "1"]
[White "Brkic, Ante"]
[Black "Paljusaj, Edmond"]
[Result "1-0"]
[WhiteTitle "GM"]
[BlackTitle "FM"]
[WhiteElo "2564"]
[BlackElo "2316"]
[WhiteFideId "14506688"]
[BlackFideId "14505231"]
[EventDate "2010.11.13"]

1. e4 c5 2. Nf3 Nc6 3. Bb5 g6 4. Bxc6 dxc6 5. d3 Bg7 6. a4 Nf6 7. Nbd2 Bg4 8. h3
Bxf3 9. Qxf3 Nd7 10. Qe3 e5 11. Nf3 Qe7 12. Bd2 Nf8 13. Bc3 Ne6 14. Qe2 Nf4 15.
Qf1 O-O 16. g3 Ne6 17. Qe2 Nd4 18. Nxd4 cxd4 19. Bd2 f5 20. h4 Qc5 21. Rc1 b5
22. axb5 Qxb5 23. b3 a5 24. h5 a4 25. bxa4 Rxa4 26. h6 Bf6 27. exf5 gxf5 28. Rh5
e4 29. Kf1 Ra7 30. g4 e3 31. fxe3 dxe3 32. Qxe3 Re7 33. Qf3 Bd4 34. Rg5+ Kh8 35.
Re1 Ref7 36. Kg2 Qc5 37. c4 fxg4 38. Qxf7 Rxf7 39. Rxc5 Bxc5 40. d4 Bf8 41. Re8 1-0

[Event "4th Mediterranean Open"]
[Site "Rijeka CRO"]
[Date "2010.11.13"]
[Round "1"]
[White "Popovic, Dusan"]
[Black "Drljevic, Ljilja"]
[Result "1-0"]
[WhiteTitle "GM"]
[BlackTitle "WIM"]
[WhiteElo "2546"]
[BlackElo "2298"]
[WhiteFideId "927031"]
[BlackFideId "928879"]
[EventDate "2010.11.13"]

1. e4 d6 2. Nc3 g6 3. f4 Bg7 4. Nf3 Nf6 5. g3 c5 6. Bg2 Nc6 7. O-O O-O 8. d3 Nd4
9. Nxd4 cxd4 10. Ne2 Bg4 11. c4 dxc3 12. bxc3 Rc8 13. Bd2 Nd7 14. d4 Nb6 15. h3
Bxe2 16. Qxe2 Nc4 17. Be1 Qa5 18. e5 dxe5 19. fxe5 Rc7 20. Rd1 e6 21. h4 Rfc8
22. Kh2 Qb6 23. Rf2 h5 24. Be4 Bh6 25. Rd3 Qb1 26. g4 hxg4 27. h5 Qc1 28. hxg6
Bf4+ 29. Kg2 Ne3+ 30. Kg1 Nf5 31. Bxf5 exf5 32. Rf1 fxg6 33. Bg3 Rxc3 34. Bxf4
Qa3 35. Rxc3 Rxc3 36. e6 Rg3+ 37. Bxg3 Qxg3+ 38. Qg2 Qe3+ 39. Qf2 Qxe6 40. Re1
Qd6 41. Qe3 Qd8 1-0

[Event "4th Mediterranean Open"]
[Site "Rijeka CRO"]
[Date "2010.11.13"]
[Round "1"]
[White "Plenca, Julijan"]
[Black "Nevednichy, Vladislav"]
[Result "1-0"]
[WhiteTitle "FM"]
[BlackTitle "GM"]
[WhiteElo "2311"]
[BlackElo "2547"]
[WhiteFideId "14508044"]
[BlackFideId "1205730"]
[EventDate "2010.11.13"]

1. e4 c5 2. Nf3 d6 3. c3 Nf6 4. h3 Nbd7 5. Bd3 b6 6. O-O Bb7 7. Re1 Qc7 8. Bc2
Rc8 9. a4 a6 10. Re2 e5 11. Na3 c4 12. Qe1 Be7 13. b3 cxb3 14. Bxb3 O-O 15. Bb2
Nc5 16. Bc2 Bc6 17. a5 b5 18. d4 Ncd7 19. Nb1 d5 20. Nbd2 dxe4 21. Nxe5 Nxe5 22.
dxe5 Nd5 23. Rxe4 Bb7 24. Rg4 Nxc3 25. Rc1 b4 26. Nb3 Rfe8 27. Bf5 Bd5 28. Bxc8
Rxc8 29. Nd4 g6 30. Nf5 Bf8 31. Nd6 Rb8 32. Rxb4 Rxb4 33. Ne8 Qb7 34. Nf6+ Kh8
35. Bxc3 Be6 36. Bxb4 Qxb4 37. Qxb4 Bxb4 38. Rb1 Bxa5 39. Rb8+ Kg7 40. g4 1-0

[Event "4th Mediterranean Open"]
[Site "Rijeka CRO"]
[Date "2010.11.13"]
[Round "1"]
[White "Drazic, Sinisa"]
[Black "Franciskovic, Borka"]
[Result "1-0"]
[WhiteTitle "GM"]
[BlackTitle "WIM"]
[WhiteElo "2524"]
[BlackElo "2274"]
[WhiteFideId "901172"]
[BlackFideId "14507943"]
[EventDate "2010.11.13"]

1. d4 Nf6 2. Bg5 e6 3. e4 h6 4. Bxf6 Qxf6 5. Nc3 d6 6. Qd2 c6 7. Nf3 e5 8. O-O-O
Be7 9. h3 Nd7 10. Kb1 O-O 11. Qe3 a6 12. g4 b5 13. Ne2 exd4 14. Nfxd4 Ne5 15. f4
Nc4 16. Qc1 Bb7 17. h4 Qg6 18. Nf5 Rfe8 19. g5 c5 20. Bg2 Bf8 21. Neg3 h5 22.
Rhe1 b4 23. Bf3 Qe6 24. Nxh5 d5 25. Bg4 Qb6 26. e5 d4 27. Be2 Bd5 28. Nh6+ Kh8
29. Bxc4 Bxc4 30. f5 gxh6 31. b3 Bb5 32. Nf6 Bg7 33. Nxe8 Rxe8 34. f6 Bf8 35.
gxh6 Kh7 36. Qf4 Qe6 37. Qe4+ Kh8 38. h7 Bh6 39. Rg1 Qxe5 40. Rg8+ 1-0

[Event "4th Mediterranean Open"]
[Site "Rijeka CRO"]
[Date "2010.11.13"]
[Round "1"]
[White "Fercec, Nenad"]
[Black "Pavlovic, Ranko"]
[Result "1-0"]
[WhiteTitle "GM"]
[BlackTitle "FM"]
[WhiteElo "2491"]
[BlackElo "2242"]
[WhiteFideId "14500299"]
[BlackFideId "14501988"]
[EventDate "2010.11.13"]

1. e4 e6 2. d4 d5 3. Nd2 dxe4 4. Nxe4 Bd7 5. Nf3 Bc6 6. Bd3 Nd7 7. Qe2 Be7 8.
Bd2 Ngf6 9. O-O-O Bxe4 10. Bxe4 Nxe4 11. Qxe4 c6 12. Kb1 Qb6 13. c4 Qa6 14. Rc1
Nf6 15. Qc2 Rd8 16. g4 g6 17. Ne5 Nd7 18. Qe4 Bf6 19. Bh6 Qa5 20. Nf3 Be7 21.
Rhe1 g5 22. Bg7 Bf6 23. Bxh8 Bxh8 24. Qxh7 Ke7 25. d5 cxd5 26. Nxg5 Nf6 27.
Rxe6+ Kd7 1-0

[Event "4th Mediterranean Open"]
[Site "Rijeka CRO"]
[Date "2010.11.13"]
[Round "1"]
[White "Kurajica, Bojan"]
[Black "Fucak, Emilijo"]
[Result "1/2-1/2"]
[WhiteTitle "GM"]
[BlackTitle "FM"]
[WhiteElo "2529"]
[BlackElo "2280"]
[WhiteFideId "14400057"]
[BlackFideId "14501023"]
[EventDate "2010.11.13"]

1. d4 e6 2. g3 Nf6 3. Bg2 d5 4. Nf3 b6 5. c4 c6 6. Nbd2 Be7 7. O-O O-O 8. Qc2
Bb7 9. e4 dxe4 10. Nxe4 Nbd7 11. Rd1 Re8 12. Nc3 Qc7 13. Ng5 Rad8 14. Bf4 Qc8
15. Rd2 h6 16. Nf3 Bb4 17. Qb3 c5 18. a3 Bxc3 19. bxc3 Qa8 20. Qd1 Be4 21. Qe2
Qb7 22. a4 Rc8 23. Rda2 a5 24. Rb2 Qc6 25. h4 cxd4 26. cxd4 Qxc4 27. Qxc4 Rxc4
28. Nd2 Rc2 29. Rxc2 Bxc2 30. Bc6 Rc8 31. Bb5 Bf5 32. Nc4 Bg4 33. Ra3 h5 34. f3
Bh3 35. Ba6 Rc6 36. Bb5 Rc8 37. Ba6 Rc6 38. Bb5 Rc8 39. Ba6 1/2-1/2

[Event "4th Mediterranean Open"]
[Site "Rijeka CRO"]
[Date "2010.11.13"]
[Round "1"]
[White "Tate, Alan"]
[Black "Yilmaz, Mustafa"]
[Result "1/2-1/2"]
[BlackTitle "IM"]
[WhiteElo "2234"]
[BlackElo "2476"]
[WhiteFideId "2401878"]
[BlackFideId "6302718"]
[EventDate "2010.11.13"]

1. e4 c5 2. Nf3 d6 3. c3 Nf6 4. h3 Nbd7 5. Bd3 b6 6. O-O Bb7 7. Re1 g6 8. Bc2
Bg7 9. d4 O-O 10. Nbd2 cxd4 11. cxd4 e5 12. d5 a5 13. a4 Nc5 14. Nb1 Ne8 15. Nc3
Nc7 16. Be3 f5 17. Bxc5 bxc5 18. Bd3 Qf6 19. Nd2 Rf7 20. Nc4 Bf8 21. Ra3 Qh4 22.
Rb3 fxe4 23. g3 Qxh3 24. Bxe4 Ne8 25. Bg2 Qh6 26. Nxe5 dxe5 27. Rxb7 Rxb7 28. d6
Rxb2 29. Bxa8 Nxd6 30. Rxe5 Qg7 31. Rxc5 Qf6 32. Qe1 Nf5 33. Bd5+ Kg7 34. Rc7+
Ne7 35. Be6 Rb6 36. Ba2 Kh8 37. Rc4 Rb4 1/2-1/2

[Event "4th Mediterranean Open"]
[Site "Rijeka CRO"]
[Date "2010.11.13"]
[Round "1"]
[White "Ionica, Iulia-Ionela"]
[Black "Martinovic, Sasa"]
[Result "0-1"]
[WhiteTitle "WGM"]
[BlackTitle "IM"]
[WhiteElo "2244"]
[BlackElo "2502"]
[WhiteFideId "1205480"]
[BlackFideId "14509792"]
[EventDate "2010.11.13"]

1. e4 e6 2. d4 d5 3. Nd2 c5 4. exd5 Qxd5 5. Ngf3 cxd4 6. Bc4 Qd6 7. O-O Nf6 8.
Nb3 Nc6 9. Nbxd4 Nxd4 10. Nxd4 Bd7 11. Re1 Qc7 12. Bb3 O-O-O 13. Qe2 Bd6 14. h3
a6 15. a4 Kb8 16. Bd2 Rhg8 17. Bc3 Bc8 18. Nf3 Nd7 19. Ng5 Nc5 20. Bc4 h6 21.
Nf3 Nd7 22. b4 g5 23. Nd2 h5 24. Ne4 Be5 25. Bxe5 Nxe5 26. Nc5 Nxc4 27. Qxc4 g4
28. h4 g3 29. f3 Rd2 30. Rad1 Qd6 31. Rxd2 Qxd2 32. Qe4 Rd8 33. Qe5+ Ka8 34.
Qxg3 Qxb4 35. Nd3 Qxa4 36. Qg5 Rd5 37. Qg8 Qxc2 38. Rc1 Qxd3 39. Rxc8+ Ka7 40.
Qxf7 Qd4+ 41. Kf1 Qd1+ 42. Kf2 Rd2+ 43. Ke3 Qe1+ 44. Kf4 Qxh4+ 45. Ke5 Qd4+ 0-1

[Event "4th Mediterranean Open"]
[Site "Rijeka CRO"]
[Date "2010.11.13"]
[Round "1"]
[White "Berescu, Alin-Mile"]
[Black "Andersen, Alf R."]
[Result "1-0"]
[WhiteTitle "GM"]
[WhiteElo "2468"]
[BlackElo "2220"]
[WhiteFideId "1204920"]
[BlackFideId "1503120"]
[EventDate "2010.11.13"]

1. e4 d6 2. d4 Nf6 3. Nc3 g6 4. f4 Bg7 5. Nf3 c5 6. d5 O-O 7. Bd3 Na6 8. O-O Nc7
9. a4 e6 10. dxe6 fxe6 11. e5 Nfd5 12. Ne4 Nxf4 13. Nxd6 Nxd3 14. Qxd3 Nd5 15.
Bg5 Qb6 16. c4 Nb4 17. Qd2 Nc6 18. Bh6 Bd7 19. Ne4 Nd4 20. Nf6+ Bxf6 21. Bxf8
Rxf8 22. exf6 Rxf6 23. Nxd4 Rxf1+ 24. Rxf1 cxd4 25. Qf4 d3+ 26. Rf2 Qd8 27. Qd6
Qe8 28. a5 Bc6 29. Qxd3 e5 30. Rd2 Qe6 31. b4 e4 32. Qd8+ Kg7 33. Qd4+ Kg8 34.
b5 Be8 35. Qd5 1-0

[Event "4th Mediterranean Open"]
[Site "Rijeka CRO"]
[Date "2010.11.13"]
[Round "1"]
[White "Ostling, Hakan"]
[Black "Caspi, Israel"]
[Result "0-1"]
[BlackTitle "IM"]
[WhiteElo "2207"]
[BlackElo "2460"]
[WhiteFideId "1708635"]
[BlackFideId "2807394"]
[EventDate "2010.11.13"]

1. f4 d5 2. Nf3 g6 3. g3 Bg7 4. Bg2 c5 5. O-O Nc6 6. d3 Nf6 7. Nc3 d4 8. Ne4
Nxe4 9. dxe4 Qb6 10. e3 Be6 11. Qe2 O-O 12. Ng5 Bd7 13. e5 Nd8 14. Rd1 f6 15.
Qc4+ Kh8 16. exf6 exf6 17. Ne4 Ne6 18. Qb3 Qc7 19. exd4 Nxd4 20. Qc4 f5 21. Qxc5
Rac8 22. Qxc7 Rxc7 23. Nc3 Nxc2 24. Nd5 Rc5 25. Rb1 Be6 26. b4 Rc4 27. Bb2 Bxb2
28. Rxb2 Rd8 29. Rd2 Nxb4 30. Nxb4 Rxd2 31. Rxd2 Rxb4 32. Re2 Bf7 33. Kf2 Kg7
34. a3 Rb3 35. Re7 Rb2+ 36. Kg1 Kf6 37. Rc7 Rb1+ 38. Kf2 Ra1 39. Rc3 Ra2+ 40.
Kf1 Ra1+ 41. Kf2 Rb1 42. Rc7 Rb2+ 43. Kf1 Be8 44. Rxh7 Ra2 45. Bd5 Rxa3 46. Rxb7
a5 47. Rb8 Ke7 48. Kf2 Rd3 49. Bf3 Rd2+ 50. Be2 a4 51. Ke3 Rc2 52. Kd3 Ra2 53.
Ke3 Bc6 54. h3 Ra3+ 55. Kf2 Rb3 56. Rh8 a3 57. Rh7+ Kd6 58. Ra7 Kc5 59. g4 Rxh3
60. gxf5 gxf5 61. Bf1 Rb3 62. Be2 Kb4 63. Ra6 Bd5 64. Rb6+ Kc3 65. Ra6 Kb2 66.
Bd1 Rb4 0-1

[Event "4th Mediterranean Open"]
[Site "Rijeka CRO"]
[Date "2010.11.13"]
[Round "1"]
[White "Nikolov, Sasho"]
[Black "Ivanov, Stojan Emilov"]
[Result "0-1"]
[WhiteTitle "IM"]
[WhiteElo "2458"]
[BlackElo "2205"]
[WhiteFideId "2900297"]
[BlackFideId "2903245"]
[EventDate "2010.11.13"]

1. e4 b6 2. d4 Bb7 3. Nd2 g6 4. Ngf3 Bg7 5. Bd3 Nc6 6. c3 e5 7. d5 Nb8 8. O-O
Ne7 9. c4 O-O 10. b4 d6 11. a4 Nd7 12. a5 h6 13. Bb2 f5 14. Qc2 g5 15. axb6 axb6
16. Rxa8 Bxa8 17. exf5 g4 18. Ne1 b5 19. c5 Nxd5 20. Bxb5 Kh8 21. Qa4 N7f6 22.
Nc2 Nf4 23. Ne3 N6h5 24. Bc6 Ne2+ 25. Kh1 Qh4 26. Ne4 g3 27. h3 Bxc6 28. Qxc6
gxf2 29. Rxf2 Qxe4 30. Qxe4 Neg3+ 31. Kh2 Nxe4 32. Rc2 Nhg3 33. c6 Nxf5 34. Nd5
Nd4 35. Rc4 Rf2 36. Bxd4 exd4 37. Nxc7 d3 0-1

[Event "4th Mediterranean Open"]
[Site "Rijeka CRO"]
[Date "2010.11.13"]
[Round "1"]
[White "Hagesaether, Ellen"]
[Black "Cvitan, Ognjen"]
[Result "0-1"]
[WhiteTitle "WIM"]
[BlackTitle "GM"]
[WhiteElo "2275"]
[BlackElo "2526"]
[WhiteFideId "1501909"]
[BlackFideId "14500086"]
[EventDate "2010.11.13"]

1. e4 c5 2. Nf3 e6 3. Qe2 Nc6 4. g3 g6 5. Bg2 Bg7 6. c3 e5 7. O-O Nge7 8. Na3
O-O 9. Nc4 d6 10. a4 h6 11. d3 Be6 12. Ne1 d5 13. exd5 Nxd5 14. Nc2 Qd7 15. a5
Rab8 16. N4e3 Rbd8 17. Rd1 Nde7 18. Bf1 f5 19. Ng2 Nd5 20. f4 exf4 21. Nxf4 Bf7
22. Nxd5 Bxd5 23. Be3 Rde8 24. Bg2 Bb3 25. Rd2 Nd4 26. cxd4 cxd4 27. Ra3 Bf7 28.
Rd1 g5 29. Qf3 dxe3 30. b4 Bb2 31. Qxb7 Qd8 32. Qxa7 e2 33. Re1 Bxa3 34. Nxa3
Qxd3 35. Nb1 Ba2 36. Qb6 Re6 37. Qc5 f4 38. Bh3 fxg3 39. Qc3 Re3 40. Qxd3 Rxd3
41. Rxe2 Rd1+ 42. Kg2 Bd5+ 43. Kxg3 Rd3+ 0-1

[Event "4th Mediterranean Open"]
[Site "Rijeka CRO"]
[Date "2010.11.13"]
[Round "1"]
[White "Foglia, Maurizio"]
[Black "Baron, Tal"]
[Result "0-1"]
[BlackTitle "IM"]
[WhiteElo "2204"]
[BlackElo "2455"]
[WhiteFideId "806838"]
[BlackFideId "2809958"]
[EventDate "2010.11.13"]

1. d4 Nf6 2. Nf3 g6 3. Nc3 d5 4. Bf4 Bg7 5. Qd2 Ne4 6. Nxe4 dxe4 7. Ne5 Nd7 8.
Nxd7 Qxd7 9. e3 b6 10. Be2 Bb7 11. h3 Rd8 12. O-O-O Qd5 13. Kb1 e5 14. Bg5 f6
15. Bh4 c5 16. b3 Qd7 17. Bg4 Qc6 18. d5 Rxd5 19. Qxd5 Qxd5 20. Rxd5 Bxd5 21.
Rd1 h5 22. Be2 Be6 23. Bb5+ Ke7 24. Bc6 g5 25. Bg3 h4 26. Bh2 f5 27. f3 exf3 28.
gxf3 f4 29. exf4 exf4 30. Rh1 Rd8 31. Kc1 Bc3 32. Be4 Rd2 33. Bd3 Rf2 34. Be4
Bxh3 35. Kd1 Bf1 36. Bg1 Be2+ 0-1

[Event "4th Mediterranean Open"]
[Site "Rijeka CRO"]
[Date "2010.11.13"]
[Round "1"]
[White "Battaglini, Gabriel"]
[Black "Butuc, Maria"]
[Result "1-0"]
[WhiteTitle "IM"]
[BlackTitle "WIM"]
[WhiteElo "2446"]
[BlackElo "2180"]
[WhiteFideId "621650"]
[BlackFideId "13902911"]
[EventDate "2010.11.13"]

1. d4 d5 2. c4 c6 3. Nc3 Nf6 4. e3 a6 5. Nf3 b5 6. c5 Bg4 7. h3 Bxf3 8. gxf3
Nbd7 9. f4 g6 10. Bg2 Bg7 11. O-O O-O 12. a3 Qc7 13. b4 a5 14. Rb1 e6 15. Bd2
Kh8 16. Qc2 a4 17. Ne2 Ng8 18. f3 Ne7 19. e4 f5 20. e5 Kg8 21. Kf2 Kf7 22. Rg1
Rg8 23. Bf1 Nc8 24. Nc3 Na7 25. Be3 Rgb8 26. Bd3 Bf8 27. h4 h5 28. Rxg6 Kxg6 29.
Bxf5+ exf5 30. Rg1+ Kf7 31. Qxf5+ Ke8 32. Rg8 Kd8 33. Qe6 Qb7 34. Qd6 Kc8 35.
Rxf8+ Nxf8 36. Qxf8+ Kc7 37. Qd6+ Kc8 38. f5 Qc7 39. e6 Kb7 40. Bf4 Qxd6 41.
cxd6 Nc8 42. f6 Nb6 43. f7 Nd7 44. exd7 c5 45. dxc5 Kc6 46. Ne2 Kxd7 47. Nd4 Ra6
48. c6+ Rxc6 49. Nxc6 Kxc6 50. Bh6 1-0

[Event "4th Mediterranean Open"]
[Site "Rijeka CRO"]
[Date "2010.11.13"]
[Round "1"]
[White "Andrejic, Vladica"]
[Black "Zufic, Miroslav"]
[Result "1/2-1/2"]
[BlackTitle "IM"]
[WhiteElo "2168"]
[BlackElo "2442"]
[WhiteFideId "928178"]
[BlackFideId "14506157"]
[EventDate "2010.11.13"]

1. d4 Nf6 2. c4 c5 3. d5 e6 4. Nc3 exd5 5. cxd5 d6 6. e4 g6 7. f4 Bg7 8. Nf3 O-O
9. Be2 Bg4 10. e5 dxe5 11. fxe5 Bxf3 12. Bxf3 Nfd7 13. e6 Ne5 14. O-O fxe6 15.
Be4 Rxf1+ 16. Qxf1 Ng4 17. g3 Bd4+ 18. Kg2 Bxc3 19. bxc3 exd5 20. Qd1 Nc6 21.
Bxd5+ Kg7 22. Bf4 Qd7 23. Bf3 Nge5 24. Qxd7+ Nxd7 25. Rd1 Nb6 26. Bxc6 bxc6 27.
Rd6 Rc8 28. Be3 c4 29. a4 Rc7 30. a5 Nd5 31. Bd4+ Kf7 32. Rd8 Ke6 33. Re8+ Kd7
34. Ra8 c5 35. Be5 Rb7 36. a6 Rb2+ 37. Kf3 Rxh2 38. Rxa7+ Ke6 39. Bh8 Ra2 40.
Kg4 Kd6 41. Kg5 Nc7 42. Be5+ Kxe5 43. Rxc7 Ke4 44. a7 Kd3 45. Rxh7 Kxc3 46. Kxg6
Kd3 47. Rc7 c3 48. Rxc5 Rxa7 49. g4 Ra4 50. g5 Rc4 51. Rd5+ Ke2 52. Re5+ Kf2 53.
Ra5 c2 54. Ra1 c1=Q 55. Rxc1 Rxc1 56. Kf7 1/2-1/2

[Event "4th Mediterranean Open"]
[Site "Rijeka CRO"]
[Date "2010.11.13"]
[Round "1"]
[White "Haznedaroglu, Kivanc"]
[Black "Naslund, Mikael"]
[Result "1/2-1/2"]
[WhiteTitle "GM"]
[BlackTitle "FM"]
[WhiteElo "2439"]
[BlackElo "2151"]
[WhiteFideId "6300634"]
[BlackFideId "1708260"]
[EventDate "2010.11.13"]

1. e4 c5 2. Nf3 a6 3. c4 e6 4. d4 cxd4 5. Nxd4 Nf6 6. Nc3 Qc7 7. a3 b6 8. Be2
Bb7 9. f3 d6 10. Be3 Nbd7 11. Rc1 Rc8 12. O-O Be7 13. b4 O-O 14. Nb3 Qb8 15. Qd2
Bd8 16. Kh1 Re8 17. Bg1 Ne5 18. Na4 Nxc4 19. Rxc4 Rxc4 20. Bxc4 b5 21. Bxb5 axb5
22. Nc3 d5 23. Nc5 dxe4 24. Nxb7 Qxb7 25. fxe4 Bc7 26. Qg5 Nxe4 27. Qxb5 Qxb5
28. Nxb5 Be5 29. a4 Rb8 30. Rc1 f5 31. Rc6 Kf7 32. Bb6 Rb7 33. a5 Rd7 34. Rc1
Rd2 35. a6 h5 36. a7 Ra2 37. Nc7 Bf4 38. Rb1 Bxc7 39. Ba5 Nf2+ 40. Kg1 Nd3 41.
a8=Q Bb6+ 42. Bxb6 Rxa8 43. b5 Rb8 44. Bc7 Rb7 45. b6 Kf6 46. Rb5 g5 47. Kf1 Nf4
48. Ra5 Nd5 49. Ra7 Rxb6 50. Bd8+ Ke5 51. Bxb6 Nxb6 52. h4 gxh4 53. Rh7 Nd5 54.
Rxh5 Ne3+ 55. Kg1 Ng4 56. Rxh4 Kf4 57. Rh3 e5 58. Kf1 Ne3+ 59. Kf2 Ng4+ 60. Ke2
e4 61. Rb3 Ne5 62. Rb5 Ng4 63. Ra5 Nf6 64. Ra6 Ng4 65. Rg6 Ke5 66. g3 Nf6 67.
Kd2 Ng4 68. Kc3 Ne3 69. Rg8 Nd5+ 70. Kc4 Nf6 71. Rg5 Nd5 72. Rg7 Ne3+ 73. Kc5
Kf6 74. Rg8 Ke5 75. Re8+ Kf6 76. Kd6 Nc4+ 77. Kd5 Ne3+ 78. Kc5 Kf7 79. Rxe4 fxe4
80. Kd4 1/2-1/2